Expressive arts in the primary school

Αποθηκεύτηκε σε:
Λεπτομέρειες βιβλιογραφικής εγγραφής
Άλλοι συγγραφείς: Piotrowski, Judith (Επιμελητής έκδοσης)
Μορφή: Βιβλίο
Γλώσσα:English
Δημοσίευση: London : Cassell, 1996
Σειρά:Special needs in ordinary schools
Θέματα:
Ετικέτες: Προσθήκη ετικέτας
Δεν υπάρχουν, Καταχωρήστε ετικέτα πρώτοι!

MARC

LEADER 00000nam a2200000 i 4500
001 1/92781
008 991116s1996 eng d
020 |a 0-304-334-197 
035 |l 10054176 
040 |a GR-MY-UA  |b gre  |e aacr 
041 0 |a eng 
082 0 |a 371.926 
245 1 0 |a Expressive arts in the primary school /  |c edited by Judith Piotrowski 
260 |a London :   |b Cassell,   |c 1996 
300 |a 106 p. 
490 1 |a Special needs in ordinary schools 
650 0 0 |a Learning disabled children  |x Education  |z Great Britain. 
650 0 0 |a Arts  |x Study and teaching (Elementary)  |z Great Britain. 
700 1 |a Piotrowski, Judith.  |4 edt 
830 0 |a Special needs in ordinary schools 
852 |a INST  |b RHODES  |e 19991116  |h 371.926 EXP  |p 005400012586  |q 005400012586  |t BK  |y 0 
901 |a BIBL4-1999-3 
909 |a Ρ  |b 069108 
922 |a 4ΕΛΗ  |b 199909  |c ΚΠΣ/154  |d GLORY BOOKS 
970 |a ΚΟΥΛΑΚΙΟΤΗ  |b ΛΙΤΣΑ  |z 1999/11/16